Micro frontendová architektúra so zdieľanou UI dokumentáciou

Na minha lista:
Detalhes bibliográficos
Autor principal: Podhorský, Patrik (Author)
Outros Autores: Kunštár, Vladimír (Thesis advisor)
Formato: Manuscrito Livro
Idioma:eslovaco
Publicado em: 2023
Assuntos:
Acesso em linha:http://is.stuba.sk/zp/portal_zp.pl?podrobnosti=157802
Tags: Adicionar Tag
Sem tags, seja o primeiro a adicionar uma tag!

MARC

LEADER 00000ntm a22000003a 4500
001 stuzp92484
003 SK-STU
005 20230909213327.9
007 ta
008 150427s2015----xo-----f-mn---000-0-slo-d
040 |a STU  |b slo 
041 0 |a slo 
100 1 |a Podhorský, Patrik  |u 070400  |4 aut  |U FIIT Fakulta informatiky a informačných technológií  |T FIIT Ústav počítačového inžinierstva a aplikovanej informatiky  |X 105330  |U I400  |Y 672  |7 105330 
242 0 1 |a Micro frontend architecture with shared UI documentation  |y eng 
245 1 0 |a Micro frontendová architektúra so zdieľanou UI dokumentáciou 
260 |c 2023 
650 4 |a Mikro-frontend  |2 slo 
650 4 |a Mikroslužby  |2 slo 
650 4 |a Atomický dizajn  |2 slo 
650 4 |a Micro Frontend  |2 eng 
650 4 |a Microservices  |2 eng 
650 4 |a Atomic design  |2 eng 
700 1 |a Kunštár, Vladimír  |u 070400  |k Z3  |4 ths  |U FIIT Fakulta informatiky a informačných technológií  |T FIIT Ústav počítačového inžinierstva a aplikovanej informatiky  |X 64527  |U I400  |Y 672  |7 A000064527 
856 4 |u http://is.stuba.sk/zp/portal_zp.pl?podrobnosti=157802